| 000 | 00738nam a22001937a 4500 | ||
|---|---|---|---|
| 999 |
_c16426 _d16426 |
||
| 003 | AR-CdUCM | ||
| 008 | 190503b ||||| |||| 00| 0 esp d | ||
| 040 |
_aMUNICIPALIDAD PROVINCIAL DEL CUSCO _cBIBLIOTECA MUNICIPAL DEL CUSCO |
||
| 082 |
_a618.97 / _bW868 |
||
| 100 |
_aWoltereck, Heinz _935866 |
||
| 245 |
_aLa Vejez, _bsegunda vida del hombre / |
||
| 260 |
_aMexico : _bFondo de Cultura Económica, _c1962. |
||
| 300 |
_a227 páginas ; _c18 cm. |
||
| 505 | _aEl envejecimiento como fenómeno natural de la vida -- La duración de la vida humana -- Leyes del envejecimiento -- Las dos etapas de la vida del hombre ... | ||
| 650 |
_aGeriatría. _935867 |
||
| 650 |
_aVejez. _916193 |
||
| 942 |
_2ddc _cLIBROS |
||
| 945 |
_aacrt _d2019-05-03 |
||